| 000 | 00634nam a2200193 i 4500 | ||
|---|---|---|---|
| 001 | 92819 | ||
| 003 | ES-MaACL | ||
| 007 | t| | ||
| 008 | 050328s1983 sp ||||1| spa d | ||
| 100 | 1 |
_aLisón Tolosana, Carmelo. _972541 |
|
| 245 | 1 | 0 |
_aBrujería, estructura social y simbolismo en Galicia _b: (antropología cultural de Galicia, 2) / _cCarmelo Lisón Tolosana. |
| 250 | _a[2ª ed.]. | ||
| 260 |
_aMadrid : _bAkal, _c1983. |
||
| 300 |
_a453 p. : _b3 mapas ; _c22 cm. |
||
| 490 | 1 |
_aAkal universitaria ; _vv. 54 |
|
| 830 | 0 |
_aAkal universitaria ; _vv. 54 _9177901 |
|
| 852 |
_aES-MaACL _jL-7305 _bR.108143 |
||
| 999 |
_c92819 _d92819 |
||